Turbulence (Record no. 5373)

000 -LEADER
fixed length control field 00511nam a2200205 i 4500
001 - CONTROL NUMBER
control field 5373
003 - CONTROL NUMBER IDENTIFIER
control field BD-DhUET
008 - FIXED-LENGTH DATA ELEMENTS--GENERAL INFORMATION
fixed length control field 750220s1975 nyua b 001 0 eng
020 ## - INTERNATIONAL STANDARD BOOK NUMBER
International Standard Book Number 0070290377
040 ## - CATALOGING SOURCE
Original cataloging agency DLC
Transcribing agency DLC
Modifying agency BD-DhUET
082 00 - DEWEY DECIMAL CLASSIFICATION NUMBER
Classification number 532.56
Item number HIN/1975
100 1# - MAIN ENTRY--PERSONAL NAME
Personal name Hinze, J. O.
245 00 - TITLE STATEMENT
Title Turbulence
250 ## - EDITION STATEMENT
Edition statement 2nd ed.
260 ## - PUBLICATION, DISTRIBUTION, ETC. (IMPRINT)
Place of publication, distribution, etc. New York
Name of publisher, distributor, etc. McGraw-Hill
Date of publication, distribution, etc. 1975
300 ## - PHYSICAL DESCRIPTION
Extent x,790p.
Other physical details ill.
Dimensions 24 cm.
490 0# - SERIES STATEMENT
Series statement McGraw-Hill series in mechanical engineering
650 #0 - SUBJECT ADDED ENTRY--TOPICAL TERM
Topical term or geographic name as entry element Turbulence
942 ## - ADDED ENTRY ELEMENTS (KOHA)
Koha item type General Book
Holdings
Not for loan Koha issues (times borrowed) Koha date last borrowed Location (home branch) Copy number Withdrawn status Koha item type Price effective from Date acquired Damaged status Koha date last seen Koha full call number Shelving location Source of classification or shelving scheme Sublocation or collection (holding branch) Lost status Koha normalized classification for sorting Piece designation (barcode)
   Central Library, BUET1 General Book2014-11-262014-11-26 2014-11-26532.56/HIN/1975Circulation section Central Library, BUET 532_560000000000000_HIN_197563813
   Central Library, BUET2 General Book2014-11-262014-11-26 2014-11-26532.56/HIN/1975Circulation section Central Library, BUET 532_560000000000000_HIN_197563816
   Central Library, BUET3 General Book2014-12-072014-12-07 2014-12-07532.56/HIN/1975Circulation section Central Library, BUET 532_560000000000000_HIN_197544334
   Central Library, BUET4 General Book2014-12-072014-12-07 2014-12-07532.56/HIN/1975Circulation section Central Library, BUET 532_560000000000000_HIN_197563807
 12015-03-25Central Library, BUET5 General Book2014-12-072014-12-07 2015-03-29532.56/HIN/1975Circulation section Central Library, BUET 532_560000000000000_HIN_197563812
   Central Library, BUET6 General Book2014-12-072014-12-07 2014-12-07532.56/HIN/1975Circulation section Central Library, BUET 532_560000000000000_HIN_197563805
   Central Library, BUET7 General Book2014-12-072014-12-07 2014-12-07532.56/HIN/1975Circulation section Central Library, BUET 532_560000000000000_HIN_197563810
   Central Library, BUET8 General Book2014-12-072014-12-07 2014-12-07532.56/HIN/1975Circulation section Central Library, BUET 532_560000000000000_HIN_197563808
   Central Library, BUET9 General Book2014-12-072014-12-07 2014-12-07532.56/HIN/1975Circulation section Central Library, BUET 532_560000000000000_HIN_197563809
 12022-11-14Central Library, BUET10 General Book2014-12-072014-12-07 2023-02-28532.56/HIN/1975Circulation section Central Library, BUET 532_560000000000000_HIN_197563806
 12015-05-26Central Library, BUET11 General Book2014-12-072014-12-07 2015-09-14532.56/HIN/1975Circulation section Central Library, BUET 532_560000000000000_HIN_197563815
   Central Library, BUET12 General Book2015-03-092015-03-09 2015-03-09532.56/HIN/1975Circulation section Central Library, BUET 532_560000000000000_HIN_197539158
   Central Library, BUET13 Reading Item2015-06-072015-06-07 2015-06-07532.56/HIN/1975Reading section Central Library, BUET 532_560000000000000_HIN_197558968
   Central Library, BUET14 Reading Item2015-06-072015-06-07 2015-06-07532.56/HIN/1975Reading section Central Library, BUET 532_560000000000000_HIN_197560653
   Central Library, BUET15 Reading Item2015-06-232015-06-23 2015-06-23532.56/HIN/1975Reading section Central Library, BUET 532_560000000000000_HIN_197552729
 12024-11-27Central Library, BUET16 General Book2024-11-161985-06-29 2024-11-27532.56 HIN/1975Circulation section Central Library, BUET 532_560000000000000_HIN_197563811
   Central Library, BUET  General Book2024-11-162024-11-16 2024-11-16532.56 HIN/1975  Central Library, BUET 532_560000000000000_HIN_1975 
   Central Library, BUET18 General Book2024-11-162025-09-03 2024-11-16532.56 HIN/1975Circulation section Central Library, BUET 532_560000000000000_HIN_197539159